| 000 | 00470nam a2200193Ia 4500 | ||
|---|---|---|---|
| 005 | 20250423100053.0 | ||
| 008 | 250422s9999 xx 000 0 und d | ||
| 020 | _a0-314-93367-0 | ||
| 050 | _aT 58.6 .H49/ | ||
| 100 | _aJames O. Hicks Jr. | ||
| 245 | 0 | _aManagement Information System | |
| 250 | _aThird Edition | ||
| 260 | _aNew York | ||
| 260 | _bMinneapolis/St. Paul | ||
| 260 | _c1993 | ||
| 300 | _a710 p | ||
| 650 | _aEngineers & Scientists | ||
| 942 | _cBK | ||
| 999 |
_c32197 _d32197 |
||